| 000 | 00593nam a22001931 4500 | ||
|---|---|---|---|
| 001 | sa 64006549 | ||
| 003 | DLC | ||
| 005 | 20260227112040.0 | ||
| 008 | 780517s1963 ii 00010 eng | ||
| 010 | _asa 64006549 //r78 | ||
| 025 | _aPL480:I-E-3127 | ||
| 043 | _aa-ii--- | ||
| 050 | 0 |
_aAM73.A2 _bS35 |
|
| 100 | 1 | 0 | _aSatyamurti, S. T. |
| 245 | 1 | 0 |
_aAdministrative problems in the Indian museums, _cby S. T. Satyamurti. |
| 260 | 0 |
_a[Baroda] _bDept. of Museology, Faculty of Fine Arts, Maharaja Sayajirao University of Baroda _c[1963] |
|
| 300 |
_a85 p. _c18 cm. |
||
| 650 | 0 |
_aMuseums _zIndia. |
|
| 999 |
_c59764 _d59764 |
||